Komparácia zdrojov krytia krátkodobého a dlhodobého majetku bakalárska práca

Enregistré dans:
Détails bibliographiques
Auteur principal: Fabo, Jozef
Collectivité auteur: Fakulta podnikového manažmentu EU. Katedra podnikových financií
Autres auteurs: Podmajerská, Katarína
Format: Livre
Langue:slovaque
Publié: Bratislava 2016
Tags: Ajouter un tag
Pas de tags, Soyez le premier à ajouter un tag!

MARC

LEADER 00000nbm a2200000 4500
001 0218280
005 20170308103334.7
041 0 |a slo 
044 |a SK 
245 1 0 |a Komparácia zdrojov krytia krátkodobého a dlhodobého majetku  |b bakalárska práca  |c Jozef Fabo ; školiteľ: Katarína Podmajerská 
264 1 |a Bratislava  |c 2016 
300 |a 51 s. 
100 1 |a Fabo, Jozef 
700 1 |a Podmajerská, Katarína 
710 2 |a Fakulta podnikového manažmentu EU. Katedra podnikových financií